| 000 | 00565nam a22001457a 4500 | ||
|---|---|---|---|
| 999 |
_c11195 _d11195 |
||
| 008 | 181016b ||||| |||| 00| 0 eng d | ||
| 022 | _a0746-8342 | ||
| 082 | _aDPer 510.5 C697 Jan 2012-Sept 2015 v. 43 & 46, n. 1-4 | ||
| 100 |
_932256 _aFrederickson, Greg N. |
||
| 245 |
_aBracing regular polygons as we race into the future/ _cGreg N. Frederickson. |
||
| 260 |
_aWashington D. C.: _bMathematical Association of America, _c©Jul 2012-Sept 2015. |
||
| 300 |
_av43 n1, pages 51-57: _billustrations; _c28 cm. |
||
| 650 | 0 |
_932257 _aGeometry _xPolygons. |
|
| 942 |
_2ddc _cPER |
||